00918nam a22002177a 450000500170000000800410001701700570005802000180011504000130013308200220014610000430016824501480021125000100035926000680036930000350043765100520047265100480052494200120057299900170058495200990060120240530110549.0160618s2012 ua o|||f |||| 00| 0 ara d a2012/22246bمصر. دار الكتب المصرية a9789772211708 aEG-CaGPL04a962bق/ع ث2210 aعبدالعزيز جمال الدين10aثورات وتمرات المصريين منذ الاحتلال العثمانى حتى عام 1952 /cعبدالعزيز جمال الدين. aط .1 aالقاهرة :bدار الثقافة الجديدة،c2012. a377 ص. :bصور ؛c24 سم.04aمصرxتاريخyالعصر العثمانى04aمصرxتاريخyالعصر الحديث 2ddccBK c62418d62418 00104070aCAIbCAId2016-06-18l0o962 ق/ع ثp162140r2016-06-18 00:00:00w2016-06-18yBK